Warszawa Bemowo - Ulice na mapie - Statystyki

Ogólne statystyki
  • Ten quiz został rozwiązany 71 razy
    64 od ostatniego zresetowania
  • Średni wynik to 10 z 33
Odpowiedzi na mapie
Odpowiedzi zakodowano w zielono-czerwonej skali na mapie do tego quizu, zgodnie z poniższymi procentami.
 
Statystyki odpowiedzi
Droga Nazwa % Poprawnych
Ulica Górczewska
85%
Ulica Lazurowa
85%
Ulica Powstańców Śląskich
79%
Ulica Radiowa
74%
Ulica Wrocławska
62%
Ulica Dywizjonu 303
59%
Ulica Połczyńska
50%
Ulica Kazubów
44%
Ulica Człuchowska
41%
Ulica Piastów Śląskich
35%
Ulica Widawska
35%
Ulica Kocjana
32%
Ulica Kaliskiego
29%
Ulica Czumy
26%
Ulica Szeligowska
26%
Ulica Obrońców Tobruku
24%
Ulica Żołnierzy Wyklętych
24%
Aleja Aleja Obrońców Grodna
21%
Ulica Klemensiewicza
21%
Ulica Sternicza
21%
Ulica Dźwigowa
18%
Aleja Aleja 4 Czerwca 1989r
12%
Ulica Batalionów Chłopskich
12%
Ulica Konarskiego
12%
Ulica Księcia Bolesława
12%
Ulica Olbrachta
12%
Ulica Osmańczyka
12%
Ulica Sochaczewska
12%
Ulica Gierdziejewskiego
9%
Ulica Okrętowa
9%
Ulica Pełczyńskiego
9%
Aleja Aleja Bohaterów Bitwy Warszawskiej 1920r
6%
Ulica Strążkowa
3%
Nie znaleziono quizów pasujących do podanych kryteriów
Rozkład punktacji
Procent ludzi z każdym wynikiem
Percentyl według liczby udzielonych odpowiedzi
Twoja historia wyników
Nie rozwiązałeś tego quizu od ostatniego zresetowania